<?xml version='1.0' encoding='UTF-8'?>
  <record xmlns="http://www.loc.gov/MARC21/slim">
    <leader>00000cam a2200000 i 4500</leader>
    <controlfield tag="001">ocm71406570</controlfield>
    <controlfield tag="003">OCoLC</controlfield>
    <controlfield tag="005">20251115143643.5</controlfield>
    <controlfield tag="008">850425s1628    be            000 0 dut d</controlfield>
    <datafield tag="040" ind1=" " ind2=" ">
      <subfield code="a">NLGGC</subfield>
      <subfield code="b">dut</subfield>
      <subfield code="e">fobidrtb</subfield>
      <subfield code="c">NLGGC</subfield>
      <subfield code="d">OCLCO</subfield>
      <subfield code="d">OCLCA</subfield>
      <subfield code="d">OCLCL</subfield>
      <subfield code="d">OCLCQ</subfield>
    </datafield>
    <datafield tag="029" ind1="0" ind2=" ">
      <subfield code="a">NLGGC</subfield>
      <subfield code="b">85129409X</subfield>
    </datafield>
    <datafield tag="035" ind1=" " ind2=" ">
      <subfield code="a">(OCoLC)71406570</subfield>
    </datafield>
    <datafield tag="041" ind1="1" ind2=" ">
      <subfield code="a">dut</subfield>
      <subfield code="h">lat</subfield>
    </datafield>
    <datafield tag="072" ind1=" " ind2="7">
      <subfield code="a">a</subfield>
      <subfield code="2">odfysin</subfield>
    </datafield>
    <datafield tag="072" ind1=" " ind2="7">
      <subfield code="a">c</subfield>
      <subfield code="2">odfysin</subfield>
    </datafield>
    <datafield tag="072" ind1=" " ind2="7">
      <subfield code="a">j</subfield>
      <subfield code="2">odfysin</subfield>
    </datafield>
    <datafield tag="072" ind1=" " ind2="7">
      <subfield code="a">x</subfield>
      <subfield code="2">odfysin</subfield>
    </datafield>
    <datafield tag="100" ind1="0" ind2=" ">
      <subfield code="a">Thomas,</subfield>
      <subfield code="c">à Kempis,</subfield>
      <subfield code="d">1379/80-1471.</subfield>
      <subfield code="1">https://id.oclc.org/worldcat/entity/E39PBJm4WMy3DjDTBCDRDVmjmd</subfield>
    </datafield>
    <datafield tag="245" ind1="1" ind2="0">
      <subfield code="a">Die alleen-spraecke der zielen met Godt. /</subfield>
      <subfield code="c">Door ... Thomas van Kempen ... ; Onlancx uyt het Latijns exemplaer van d'autheurs handt gheschreven, ghecorrigeert ende verbetert door ... P.I.V.S. ... ; Met verscheyden figuyren verciert door C.V. Sich. voor P.I.P.</subfield>
    </datafield>
    <datafield tag="260" ind1=" " ind2=" ">
      <subfield code="a">Tot Loven, :</subfield>
      <subfield code="b">by Ian Maes,</subfield>
      <subfield code="c">1628.</subfield>
    </datafield>
    <datafield tag="300" ind1=" " ind2=" ">
      <subfield code="a">[5], 135, [2] p. :</subfield>
      <subfield code="b">ill. ;</subfield>
      <subfield code="c">in-8.</subfield>
    </datafield>
    <datafield tag="336" ind1=" " ind2=" ">
      <subfield code="a">tekst</subfield>
      <subfield code="b">txt</subfield>
      <subfield code="2">rdacontent/dut</subfield>
    </datafield>
    <datafield tag="337" ind1=" " ind2=" ">
      <subfield code="a">zonder medium</subfield>
      <subfield code="b">n</subfield>
      <subfield code="2">rdamedia/dut</subfield>
    </datafield>
    <datafield tag="338" ind1=" " ind2=" ">
      <subfield code="a">band</subfield>
      <subfield code="b">nc</subfield>
      <subfield code="2">rdacarrier/dut</subfield>
    </datafield>
    <datafield tag="500" ind1=" " ind2=" ">
      <subfield code="a">P.I.V.S. is: Pater Iacques Verstraten (Jacobus Stratius).</subfield>
    </datafield>
    <datafield tag="500" ind1=" " ind2=" ">
      <subfield code="a">C.V. Sich. is: Christoffel van Sichem de jongere.</subfield>
    </datafield>
    <datafield tag="500" ind1=" " ind2=" ">
      <subfield code="a">P.I.P. is: Pieter Jacobsz Paets; de 15 afbn. en het gegraveerde titelbl. komen ook voor in: Goddeycke wenschen velicht met sinnebeelden / Herman Hugo. - Amsterdam : Pieter Jacobsz Paets, 1645.</subfield>
    </datafield>
    <datafield tag="510" ind1="0" ind2=" ">
      <subfield code="a">BCNI 8020</subfield>
    </datafield>
    <datafield tag="530" ind1=" " ind2=" ">
      <subfield code="a">Titel is geselecteerd voor digitalisering voor de Universiteit van Leiden in het kader van het Google Books-project.</subfield>
    </datafield>
    <datafield tag="650" ind1=" " ind2="7">
      <subfield code="a">Meditaties.</subfield>
      <subfield code="2">nbdbt</subfield>
      <subfield code="0">(NL-LeOCL)078006295</subfield>
    </datafield>
    <datafield tag="700" ind1="1" ind2=" ">
      <subfield code="a">Stratius, Jacobus,</subfield>
      <subfield code="c">S.J.,</subfield>
      <subfield code="d">1556-1634.</subfield>
      <subfield code="1">https://id.oclc.org/worldcat/entity/E39PBJycT7MvtRfpjjrrhpDTHC</subfield>
    </datafield>
    <datafield tag="700" ind1="1" ind2=" ">
      <subfield code="a">Sichem, Christoffel van,</subfield>
      <subfield code="c">de Jonge,</subfield>
      <subfield code="d">1581-1658.</subfield>
      <subfield code="1">https://id.oclc.org/worldcat/entity/E39PBJmP8Qb67qBBpTMWvbxkXd</subfield>
    </datafield>
    <datafield tag="700" ind1="1" ind2=" ">
      <subfield code="a">Paets, Pieter Jacobsz,</subfield>
      <subfield code="d">1587-na 1657.</subfield>
      <subfield code="1">https://id.oclc.org/worldcat/entity/E39PBJwRYmBF8pDYg6MYm4xbh3</subfield>
    </datafield>
    <datafield tag="710" ind1="0" ind2=" ">
      <subfield code="a">Masius, Joannes (I, Leuven)</subfield>
      <subfield code="4">prt</subfield>
      <subfield code="0">(NL-LeOCL)077150589</subfield>
    </datafield>
    <datafield tag="758" ind1=" " ind2=" ">
      <subfield code="a">Die alleen-spraecke der zielen met Godt (Text)</subfield>
      <subfield code="1">https://id.oclc.org/worldcat/entity/E39PCFQxTXjbDgggJMW34gMc6C</subfield>
      <subfield code="4">https://id.oclc.org/worldcat/ontology/hasWork</subfield>
    </datafield>
    <datafield tag="776" ind1="0" ind2=" ">
      <subfield code="t">Die alleen-spraecke der zielen met Godt.</subfield>
      <subfield code="w">(NL-LeOCL)411773364</subfield>
    </datafield>
    <datafield tag="936" ind1=" " ind2=" ">
      <subfield code="a">BATCHLOAD</subfield>
    </datafield>
  </record>